LEADER 01985nam 2200481Ia 450 001 9910701932303321 005 20120809132351.0 035 $a(CKB)5470000002422797 035 $a(OCoLC)805564511 035 $a(EXLCZ)995470000002422797 100 $a20120809d2012 ua 0 101 0 $aeng 135 $aurcn||||||||| 181 $ctxt$2rdacontent 182 $cc$2rdamedia 183 $acr$2rdacarrier 200 10$aMeasure guideline$b[electronic resource] $einstalling rigid foam insulation on the interior of existing brick walls /$fprepared for Building America, Building Technologies Program, Office of Energy Efficiency and Renewable Energy, U.S. Department of Energy ; prepared by Hariharan Natarajan, Steve Klocke, and Srikanth Puttagunta 210 1$a[Washington, D.C.] :$cU.S. Dept. of Energy, Energy Efficiency & Renewable Energy,$d[2012] 215 $a1 online resource (39 pages) $ccolor illustrations 300 $a"DOE/GO-102012-3638"--P. 39. 300 $aTitle from title screen (viewed on August 3, 2012). 300 $a"June 2012." 300 $a"NREL technical monitor: Cheryn Engebrecht." 320 $aIncludes bibliographical references (pages 37-38). 517 $aMeasure guideline 606 $aEnergy conservation 606 $aArchitecture and energy conservation$zUnited States 606 $aExterior insulation and finish systems 606 $aInsulation (Heat) 615 0$aEnergy conservation. 615 0$aArchitecture and energy conservation 615 0$aExterior insulation and finish systems. 615 0$aInsulation (Heat) 700 $aNatarajan$b Hariharan$01403731 701 $aKlocke$b Steve$01403732 701 $aPuttagunta$b Srikanth$01394370 712 02$aUnited States.$bDepartment of Energy.$bOffice of Energy Efficiency and Renewable Energy. 801 0$bGPO 801 1$bGPO 906 $aBOOK 912 $a9910701932303321 996 $aMeasure guideline$93476919 997 $aUNINA LEADER 02778nam 2200673 450 001 9910809797803321 005 20230803200032.0 010 $a0-8165-9876-2 035 $a(CKB)2670000000575842 035 $a(OCoLC)898104971 035 $a(CaPaEBR)ebrary10976383 035 $a(SSID)ssj0001388232 035 $a(PQKBManifestationID)11786289 035 $a(PQKBTitleCode)TC0001388232 035 $a(PQKBWorkID)11384124 035 $a(PQKB)11439096 035 $a(MiAaPQ)EBC3411905 035 $a(MdBmJHUP)muse35815 035 $a(Au-PeEL)EBL3411905 035 $a(CaPaEBR)ebr10976383 035 $a(CaONFJC)MIL660991 035 $a(OCoLC)923439832 035 $a(EXLCZ)992670000000575842 100 $a20141122h20142014 uy 0 101 0 $aeng 135 $aurcnu|||||||| 181 $ctxt 182 $cc 183 $acr 200 00$aProtostars and planets VI /$fedited by Henrik Beuther [and three others] ; with the assistance of Renee Dotson ; with 250 collaborating authors 210 1$aTucson, Arizona ;$aHouston, Texas :$cThe University of Arizona Press :$cLunar and Planetary Institute,$d2014. 210 4$dİ2014 215 $a1 online resource (945 p.) 225 1 $aUniversity of Arizona Space Science Series 300 $a"Formed the basis for the sixth conference in the series, which took place on July 15-20, 2013, Heidelberg, Germany"--Preface. 311 $a1-322-29709-6 311 $a0-8165-3124-2 320 $aIncludes bibliographical references at the end of each chapters and index. 327 $aPart I. Molecular clouds and star formation -- Part II. Disk formation and evolution -- Part III. Planetary systems : search, formation and evolution -- Part IV. Astrophysical conditions for life. 330 $a"This volume integrates the cross-disciplinary aspects of this broad field. Covering a wide range of scales, from the formation of large clouds in our Milky Way galaxy down to small chondrules in our solar system, it takes an encompassing view with the goal of highlighting what we know and emphasizing the frontiers of what we do not know"--Provided by publisher. 410 0$aUniversity of Arizona space science series. 606 $aProtostars$vCongresses 606 $aPlanets$xOrigin$vCongresses 606 $aMolecular clouds$vCongresses 606 $aStars$xFormation$vCongresses 615 0$aProtostars 615 0$aPlanets$xOrigin 615 0$aMolecular clouds 615 0$aStars$xFormation 676 $a523.2/4 702 $aBeuther$b Henrik 702 $aDotson$b Rene?e 801 0$bMiAaPQ 801 1$bMiAaPQ 801 2$bMiAaPQ 906 $aBOOK 912 $a9910809797803321 996 $aProtostars and planets VI$93968544 997 $aUNINA